LEADER 00463nab a2200145 i 4500 001 000000310049 003 CaOOAMICUS 005 20180831173006.0 008 180831n xx uu u0 0und r 013 $a19143 040 $aSeMil$bita 100 1 $aPerin, Giuseppe.$0(OLS)http://semarc/name/629 245 10$aS. Tommaso, Dante e la Filosofia. 773 0 $t[Gennaio-Giugno].$g58-68,244-255$w()273952 996 $6245$aS. Tommaso, Dante e la Filosofia$9(OLS)http://semarc/title/384897 LEADER 01012nam a2200265 i 4500 001 000000047261 003 CaOOAMICUS 005 20260401150703.0 008 070523s1987 it u000 u ita u 040 $aSeMil$bita 100 1 $aAsimov, Isaac,$d<1920-1992>.$0(OLS)http://semarc/name/10950 240 10$aI, robot.$0(OLS)http://semarc/title/458954 245 10$aIo, robot /$cIsaac Asimov. 264 1$aMilano :$bBompiani,$c1987. 300 $a326 p. ;$c19 cm. 490 1 $aTascabili Bompiani ;$v118 490 1 $aTascabili Bompiani. Narrativa 830 0$aTascabili Bompiani ;$v118.$0(OLS)http://semarc/title/7395 830 0$aTascabili Bompiani. Narrativa.$0(OLS)http://semarc/title/18321 850 $aSeMil 852 $aSeMil$W1$xVenegono$y1$m1W I 730$j269553$B13416$CSeMilBibl$Z2$F13416 $81 961 $aOmaggio: Agenzia internazionale 996 $6245$aIo, robot$9(OLS)http://semarc/title/71127 996 $6264$aMilano :$bBompiani$9(OLS)http://semarc/publisher/29706